000 01483nam a2200361 a 4500
003 BLK
005 20240130171125.0
008 180412b bul|||||r ||||||| ||bul||
010 _aKNG00001115000
020 _a954-420-044-4
040 _aBLK
041 _aBUL
_cBUL
080 _aПедиатрия. Детски болести. Вж и 613.22 ; 613.95
_b616-053.2
_x(075.8)
_z616-053.2(075.8)
100 1 _aПетков, Георги Христов
_eпърви автор
_9242753
139 _aПедиатрия
_bП 32
245 1 0 _aПедиатрия
_bУчебник за студенти по медицина
_cГеорги Христов Петков; под ред. на Шимон Ниньо.
257 _aBGR
260 _aСофия
_bМедицина и физкултура
_c1993
_fПловдив : Полиграфия
300 _a503 с.
_bсъс сх., табл.
_c24 см
380 _a61
500 _aДруги авт.: Е. Генев, И. Кръстева, Н. Мумджиев, Ш. Ниньо ; 2 042 тир.
650 4 _aПедиатрия - учебници за ВУЗ
_9242754
653 _aпедиатрия
653 _aучебници за ВУЗ
700 1 _aНиньо, Шимон
_eпод ред. на
_9103555
852 _aЦб 179943
_bЦб
856 4 _qpdf
_u
856 4 _qpdf
_u
942 _cKNG
_n0
_02
944 _aCR
_c15.01.2003
_k30534
_lРадостина Карадакова
944 _aED
_c12.05.2004
999 _c633
_d633
999 _d633